| 000 | 00000nam##2200000za#4500 |
| 001 | 9.572417 |
| 003 | CaOODSP |
| 005 | 20220111083058 |
| 007 | cr ||||||||||| |
| 008 | 150406|1993||||xxc|||||o f|0| 0 eng|d |
| 022 | |a1928-6414 |
| 040 | |aCaOODSP|beng |
| 043 | |an-cn--- |
| 086 | 1 |aNE22-1/1993-8E-PDF |
| 110 | 1 |aCanada. |bNational Energy Board. |
| 245 | 10|aReasons for decision in the matter of CanWest Gas Supply Inc. ... ProGas Limited : |h[electronic resource]|bapplication pursuant to part VI of the National Energy Board Act for a licence to export natural gas .... application pursuant to section 21 and part VI of the National Energy Board Act to amend a licence to export natural gas and for a licence to export natural gas : gas exports |
| 246 | 1 |iVariant title : |aCanWest Gas Supply Inc., ProGas Limited |
| 260 | |aCalgary - Alberta : |bNational Energy Board |cJuly 1993. |
| 300 | |a33p.|bgraphs, tables |
| 490 | 1 |aReasons for decision|x1928-6414|vGH-3-93 |
| 500 | |aThe catalogue number (NE22-1/1993-8E) and ISBN (0-662-20830-7) for the print edition have been incorrectly copied in this electronic publication. |
| 590 | |a12-06-Supp|b2012-03-07 |
| 775 | 08|tMotifs de décision relativement à CanWest Gas Supply Inc. ... ProGas Limited : |w(CaOODSP)9.602770 |
| 776 | 0#|tIn the matter of: CanWest Gas Supply Inc.: application pursuant to Part VI of the National Energy Board Act for a licence to export natural gas; and ProGas Limited : |w(CaOODSP)9.608879 |
| 830 | #0|aReasons for decision (Canada. National Energy Board)|x1928-6414|vGH-3-93|w(CaOODSP)9.504480 |
| 856 | 40|ahttp://publications.gc.ca|qPDF|s72 KB|uhttps://publications.gc.ca/collections/Collection/NE22-1-1993-8E.pdf|yGH-3-93 |